| 000 | nam a22 a 4500 | ||
|---|---|---|---|
| 999 |
_c2589 _d2589 |
||
| 003 | AKMAL | ||
| 005 | 20170517114457.0 | ||
| 008 | 170517s1996 my 00 eng d | ||
| 020 |
_a9832106125 (pbk.): _cRM 5.90 |
||
| 040 |
_aAKMAL _cAKMAL |
||
| 049 | 0 | 0 | _aklpmal |
| 082 | 0 | 4 |
_a616.65 MIL _221 |
| 090 | 0 | 0 |
_a616.65 _bMIL |
| 090 | 2 | 0 |
_a616.65 _bMIL |
| 245 | 1 | 0 |
_aProstate health : _bsaw palmetto / _cBruce Miller |
| 260 |
_aPetaling Jaya : _bOak Enterprise, _c1996 |
||
| 300 | 0 | 0 |
_a30p. : _bill. ; _c22cm |
| 504 | _aBibliography: p. 29-30 | ||
| 650 | 0 |
_aProstate _95406 |
|
| 650 | 0 |
_aProstate _xDiseases _95407 |
|
| 650 | 0 |
_aBruce Miller's better health series _95155 |
|
| 942 |
_2ddc _cBOOK |
||